000
00449nam a2200145Ia 4500
008
090124s9999 xx 000 0 und d
082
_b
134528
245
_a
आदिम प्रकाशचित्रे
250
_a
1
260
_b
कटरे लखनसिंह
_c
2004
300
_a
32
630
_a
आदिम प्रकाशचित्रे
730
_a
आदिम प्रकाशचित्रे
942
_c
BOOK
999
_c
188556
_d
188556